=LDR 00000nam 2200000 4500 =001 INLIS000000000045287 =005 20180328075028 =035 ##$$a 0010-011500000000113 =008 180328###########################0###### =020 ##$$a 978.602.8181.74-5 =040 ##$$a NBPDMAT =082 ##$$a 362.293 =090 ##$$a 362.293 Huf m =100 ##$$a Hufron Sofiyanto =245 1#$$a Mengenal bahaya narkoba / Hufron Sofiyanto; Ani Sopiani =260 ##$$a Jakarta :$b Horizon,$c 2010 =300 ##$$a vi, 6 hlm. : ilus. ; 21 cm =650 ##$$a Narkotika =850 ##$$a NBPDMAT =710 ##$$a Ani Sopiana =990 ##$$a 21417267 =990 ##$$a 21417268 =990 ##$$a 21417269 =990 ##$$a 21417271 =990 ##$$a 0001/BPAP-NTB/2016 =990 ##$$a 0001/BPAP-NTB/2016 =990 ##$$a 0001/BPAP-NTB/2016 =990 ##$$a 0001/BPAP-NTB/2016 =990 ##$$a 0001/BPAP-NTB/2016 =990 ##$$a 65626562 =990 ##$$a 00092864 =990 ##$$a 21417267 =990 ##$$a 21417268 =990 ##$$a 21417269 =990 ##$$a 21417271 =990 ##$$a 0001/BPAP-NTB/2016 =990 ##$$a 0001/BPAP-NTB/2016 =990 ##$$a 0001/BPAP-NTB/2016 =990 ##$$a 0001/BPAP-NTB/2016 =990 ##$$a 0001/BPAP-NTB/2016